|
|
|
|
| LEADER |
00000nam0a2200000 4500 |
| 001 |
325987 |
| 005 |
20231102003821.0 |
| 035 |
|
|
|a (RuTPU)RU\TPU\book\351603
|
| 090 |
|
|
|a 325987
|
| 100 |
|
|
|a 20161215d1985 k y0rusy50 ca
|
| 101 |
0 |
|
|a rus
|
| 102 |
|
|
|a RU
|
| 105 |
|
|
|a a dm 001zy
|
| 200 |
1 |
|
|a Разработка процесса и аппаратуры с прямым электрическим нагревом для десорбции фтористого водорода из фторсернокислотных растворов
|e автореферат диссертации на соискание ученой степени кандидата технических наук
|e спец. 05.17.08
|f А. С. Пронович
|g Томский политехнический институт (ТПИ) ; науч. рук. В. И. Косинцев
|
| 210 |
|
|
|a Томск
|c [Б. и.]
|d 1985
|
| 215 |
|
|
|a 21 с.
|c ил.
|
| 300 |
|
|
|a Защита сост. 4.10 1985 г.
|
| 320 |
|
|
|a Библиогр.: с. 19-21 (12 назв.)
|
| 371 |
0 |
|
|a For_staff_use
|
| 606 |
1 |
|
|a Тепловые процессы
|x Химическая технология
|2 stltpush
|3 (RuTPU)RU\TPU\subj\31380
|9 54245
|
| 606 |
1 |
|
|a Фтористый водород
|2 stltpush
|3 (RuTPU)RU\TPU\subj\32139
|9 54788
|
| 610 |
1 |
|
|a десорбция
|
| 610 |
1 |
|
|a фторсернокислые растворы
|
| 610 |
1 |
|
|a термографические исследования
|
| 610 |
1 |
|
|a переменный ток
|
| 610 |
1 |
|
|a электронагрев
|
| 610 |
1 |
|
|a аппараты
|
| 610 |
1 |
|
|a расчет
|
| 610 |
1 |
|
|a технико-экономические показатели
|
| 610 |
1 |
|
|a авторефераты диссертаций
|
| 610 |
1 |
|
|a труды учёных ТПУ
|
| 675 |
|
|
|a 66.04(04)
|v 4
|
| 675 |
|
|
|a 661.48(04)
|v 4
|
| 686 |
|
|
|a 05.17.08
|2 oksvnk
|
| 700 |
|
1 |
|a Пронович
|b А. С.
|g Анатолий Семенович
|
| 702 |
|
1 |
|a Косинцев
|b В. И.
|c российский химик-технолог
|c профессор-консультант Томского политехнического университета, доктор технических наук
|f 1939-
|g Виктор Иванович
|2 stltpush
|3 (RuTPU)RU\TPU\pers\21969
|4 727
|
| 712 |
0 |
2 |
|a Томский политехнический институт (ТПИ)
|c (1944-1991)
|2 stltpush
|3 (RuTPU)RU\TPU\col\1123
|
| 801 |
|
1 |
|a RU
|b 63413507
|c 20161215
|
| 801 |
|
2 |
|a RU
|b 63413507
|c 20181220
|g RCR
|
| 942 |
|
|
|c BK
|